00709nam a2200157Ia 450000500170000000800410001702000180005808200230007610000590009924501210015826000390027930000160031894200070033499900190034195201910036020250321143855.0231217s9999 xx 000 0 und d a9788126514731 a001.6424 ARN;1 R aArnold, Tom. Hopton, Dominic. Leonard, Andy [et al...] 0aProfessional software testing with visual studio 2005 team system : tools for software developers and test engineers c2007bJohn Wiley & SonsaNew Delhi axxviii, 760 cAA c184624d184624 r2024-01-26 00:00:00l0o001.6424 ARN;1 Rp57178W25v321.75w2024-01-26yAA1040708IS00K57252L23/08/2013aMLbMLcCLd2009-12-04eBook Paradiseg429.00EISGRSF1V107.25URupees